[Event "IECC TH-M-3458"]
[Site "IECC email"]
[Date "2020.01.18"]
[Round "?"]
[White "Hughes, Peter James"]
[Black "Lee, Robert"]
[Result "1-0"]
[WhiteElo "1068"]
[BlackElo "960"]
[PlyCount "57"]
[EventDate "2020.??.??"]
[EventType "tourn (corr)"]
[SourceTitle "Corr 2024"]
[Source "ChessBase"]
[SourceDate "2023.10.19"]
[SourceVersion "1"]
[SourceVersionDate "2023.10.19"]
[SourceQuality "1"]
[WhiteTeam "Australien"]
[BlackTeam "England"]
[WhiteTeamCountry "AUS"]
[BlackTeamCountry "ENG"]

1. d4 f5 2. Nf3 Nf6 3. g3 c6 4. Bg2 d5 5. 0-0 e6 6. Ne5 Bd6 7. Bg5 0-0 8. c4 Qc7 9. f4 b6 10. Nd2 Ba6 11. Qc2 Nbd7 12. Qa4 Nc5 13. dxc5 Bxc5+ 14. Kh1 Qc8 15. Nxc6 Qb7 16. b4 Be3 17. b5 Qd7 18. bxa6 Rac8 19. Nb3 Ne4 20. Ne7+ Kf7 21. Qxd7 Rcd8 22. Qxa7 b5 23. cxb5 Bxa7 24. Nc6 Rd7 25. Nc5 Ke8 26. Nxd7 Kxd7 27. Na5 Nc3 28. Nc6 Nxb5 29. Rac1 1-0

[Event "IECC TH-M-3403"]
[Site "IECC email"]
[Date "2019.07.25"]
[Round "?"]
[White "Lee, Robert"]
[Black "Nilsson, Bjoern"]
[Result "1-0"]
[WhiteElo "949"]
[BlackElo "682"]
[PlyCount "45"]
[EventDate "2019.??.??"]
[EventType "tourn (corr)"]
[SourceTitle "Corr 2024"]
[Source "ChessBase"]
[SourceDate "2023.10.19"]
[SourceVersion "1"]
[SourceVersionDate "2023.10.19"]
[SourceQuality "1"]
[WhiteTeam "England"]
[BlackTeam "Schweden"]
[WhiteTeamCountry "ENG"]
[BlackTeamCountry "SWE"]

1. Na3 e6 2. c4 c6 3. d4 d6 4. Nf3 Qf6 5. Bg5 Qf5 6. e3 Nd7 7. Bd3 Qa5+ 8. Ke2 h6 9. Bh4 g5 10. Bg3 Ngf6 11. Nc2 a6 12. b4 Qb6 13. c5 Qc7 14. e4 e5 15. dxe5 dxe5 16. Ne3 g4 17. Nd4 Qd8 18. Ndf5 b6 19. Nc4 a5 20. Qb3 a4 21. Ncd6+ Bxd6 22. Nxd6+ Kf8 23. Qxf7# 1-0

[Event "IECC TH-M-3403"]
[Site "IECC email"]
[Date "2019.07.25"]
[Round "?"]
[White "Nilsson, Bjoern"]
[Black "Lee, Robert"]
[Result "0-1"]
[WhiteElo "677"]
[BlackElo "954"]
[PlyCount "64"]
[EventDate "2019.??.??"]
[EventType "tourn (corr)"]
[SourceTitle "Corr 2024"]
[Source "ChessBase"]
[SourceDate "2023.10.19"]
[SourceVersion "1"]
[SourceVersionDate "2023.10.19"]
[SourceQuality "1"]
[WhiteTeam "Schweden"]
[BlackTeam "England"]
[WhiteTeamCountry "SWE"]
[BlackTeamCountry "ENG"]

1. Na3 d5 2. d4 e6 3. Qd3 Nf6 4. Nf3 Nc6 5. Ne5 Nb4 6. Qd1 c5 7. c3 Na6 8. e3 Bd6 9. Nb5 Be7 10. Qa4 0-0 11. Be2 Nd7 12. Nxd7 Bxd7 13. Qc2 Nc7 14. Nxc7 Qxc7 15. Bf3 Bb5 16. b3 Bg5 17. h4 Bh6 18. Ba3 b6 19. 0-0-0 Rfc8 20. c4 Ba6 21. Rhe1 cxd4 22. Rxd4 b5 23. Be2 bxc4 24. bxc4 e5 25. Rxd5 Bb7 26. Rd3 e4 27. Rb3 f5 28. f3 Qg3 29. Rd1 Bc6 30. Rg1 exf3 31. Bf1 Be4 32. Qb2 Qe1# 0-1

[Event "IECC TH-M-3374"]
[Site "IECC email"]
[Date "2019.02.03"]
[Round "?"]
[White "Stringer Lester, Della Diane"]
[Black "Lee, Robert"]
[Result "1-0"]
[WhiteElo "1127"]
[BlackElo "967"]
[PlyCount "83"]
[EventDate "2019.??.??"]
[EventType "tourn (corr)"]
[SourceTitle "Corr 2024"]
[Source "ChessBase"]
[SourceDate "2023.10.19"]
[SourceVersion "1"]
[SourceVersionDate "2023.10.19"]
[SourceQuality "1"]
[WhiteTeam "Vereinigte Staaten"]
[BlackTeam "England"]
[WhiteTeamCountry "USA"]
[BlackTeamCountry "ENG"]

1. e4 c5 2. Ne2 Nf6 3. Nbc3 a6 4. d4 cxd4 5. Qxd4 Nc6 6. Qd3 e6 7. Bg5 Be7 8. 0-0-0 0-0 9. Nd4 Qc7 10. g3 d6 11. f3 b5 12. a3 h6 13. Be3 Nd7 14. f4 Nc5 15. Qe2 Bd7 16. Bh3 Rfc8 17. Qh5 Bf8 18. Nxc6 Bxc6 19. Rd4 Nxe4 20. Rg1 Nxc3 21. Bg2 Ne2+ 22. Qxe2 d5 23. b4 a5 24. Qd3 e5 25. fxe5 axb4 26. Bh3 bxa3 27. Bxc8 a2 28. Kb2 Qa5 29. Ka1 Bb4 30. Bd2 Bxd2 31. Qxd2 Qa3 32. Bf5 Rb8 33. e6 b4 34. Rd3 Qa7 35. Re1 Qc5 36. Kxa2 Ra8+ 37. Kb2 Qa5 38. Rb3 Qa2+ 39. Kc1 Ra3 40. Qxb4 Qa1+ 41. Kd2 fxe6 42. Rxa1 1-0

[Event "IECC TH-M-3217"]
[Site "IECC email"]
[Date "2017.11.10"]
[Round "?"]
[White "Hughes, Peter James"]
[Black "Lee, Robert"]
[Result "1-0"]
[WhiteElo "1057"]
[BlackElo "972"]
[PlyCount "97"]
[EventDate "2017.??.??"]
[EventType "tourn (corr)"]
[SourceTitle "Corr 2020"]
[Source "ChessBase"]
[SourceDate "2019.09.30"]
[SourceVersion "1"]
[SourceVersionDate "2019.09.30"]
[SourceQuality "1"]
[WhiteTeam "Australia"]
[BlackTeam "England"]
[WhiteTeamCountry "AUS"]
[BlackTeamCountry "ENG"]

1. e3 e5 2. d4 Nc6 3. c4 Nf6 4. Nf3 d6 5. Be2 Bf5 6. 0-0 Be7 7. Nc3 0-0 8. d5 Nb4 9. Ne1 c5 10. a3 Qa5 11. Bd2 a6 12. axb4 Qxb4 13. Qc1 Qb6 14. Bf3 Qc7 15. e4 Bd7 16. Be2 Rab8 17. Nf3 b5 18. b3 b4 19. Nd1 a5 20. Bd3 Rb6 21. Rxa5 Rfb8 22. Nh4 R6b7 23. Ra2 Nh5 24. Nf5 Qd8 25. Be2 Bxf5 26. Bxh5 Bxe4 27. Re1 f5 28. f3 Bd3 29. Nf2 e4 30. Nxd3 g6 31. Nf4 Bh4 32. Re2 gxh5 33. Ne6 Qf6 34. f4 Qg6 35. Qb2 Bf6 36. Qc1 Qg4 37. Ra6 Bd4+ 38. Kf1 Qh4 39. Nxd4 cxd4 40. c5 Qxh2 41. cxd6 Re8 42. Qc6 Qh1+ 43. Kf2 e3+ 44. Bxe3 Reb8 45. Bxd4 Qh2 46. d7 Qxf4+ 47. Ke1 Qxd4 48. Re8+ Kg7 49. Qh6+ 1-0

[Event "IECC TH-M-3217"]
[Site "IECC email"]
[Date "2017.11.10"]
[Round "?"]
[White "Lee, Robert"]
[Black "Hughes, Peter James"]
[Result "0-1"]
[WhiteElo "960"]
[BlackElo "1069"]
[PlyCount "94"]
[EventDate "2017.??.??"]
[EventType "tourn (corr)"]
[SourceTitle "Corr 2020"]
[Source "ChessBase"]
[SourceDate "2019.09.30"]
[SourceVersion "1"]
[SourceVersionDate "2019.09.30"]
[SourceQuality "1"]
[WhiteTeam "England"]
[BlackTeam "Australia"]
[WhiteTeamCountry "ENG"]
[BlackTeamCountry "AUS"]

1. e3 g6 2. d4 Nf6 3. c3 Bg7 4. Bc4 e6 5. Nf3 0-0 6. Nbd2 d5 7. Bd3 Nbd7 8. 0-0 c5 9. c4 Qc7 10. b3 Ng4 11. Bb2 e5 12. cxd5 cxd4 13. e4 Ndf6 14. Nc4 b5 15. Ncxe5 Nxe5 16. Bxb5 Nxf3+ 17. Qxf3 Bg4 18. Qd3 Bd7 19. f3 Rab8 20. Bxd7 Nxd7 21. Bxd4 Ne5 22. Qe3 f6 23. Bxa7 Rb7 24. Bc5 Rc8 25. b4 Nf7 26. a4 Re8 27. b5 f5 28. Ra2 f4 29. Qa3 Rc8 30. Rc1 Bd4+ 31. Kf1 Bxc5 32. Qb3 Qe5 33. Qd3 Nd6 34. Rb1 Qh5 35. g4 fxg3 36. Rbb2 Rf8 37. Qe2 Rxf3+ 38. Kg2 Rbf7 39. hxg3 Rf2+ 40. Qxf2 Bxf2 41. Rxf2 Nxe4 42. Rfe2 Nc3 43. Re8+ Kg7 44. Rd8 Ne2 45. Ra3 Qg5 46. Rd6 Qc1 47. Rb3 Qf1+ 0-1

[Event "IECC TH-M-3158"]
[Site "IECC email"]
[Date "2017.06.18"]
[Round "?"]
[White "Lee, Robert"]
[Black "Smith, Greg Leroy"]
[Result "0-1"]
[WhiteElo "1036"]
[BlackElo "944"]
[PlyCount "30"]
[EventDate "2017.??.??"]
[EventType "tourn (corr)"]
[SourceTitle "Corr 2020"]
[Source "ChessBase"]
[SourceDate "2019.09.30"]
[SourceVersion "1"]
[SourceVersionDate "2019.09.30"]
[SourceQuality "1"]
[WhiteTeam "England"]
[BlackTeam "United States"]
[WhiteTeamCountry "ENG"]
[BlackTeamCountry "USA"]

1. d4 f5 2. c4 Nf6 3. g3 e6 4. Bg2 Ne4 5. Be3 Nc6 6. Nf3 d5 7. b3 Bd6 8. 0-0 0-0 9. Qc2 Qf6 10. Bg5 Nxg5 11. Ne5 Nxd4 12. Qd2 Bxe5 13. Nc3 Ndf3+ 14. exf3 Bxc3 15. Qxc3 Qxc3 0-1

[Event "TH-S-0902"]
[Site "IECC email"]
[Date "2016.05.03"]
[Round "?"]
[White "Hughes, Peter James"]
[Black "Lee, Robert"]
[Result "0-1"]
[WhiteElo "994"]
[BlackElo "1029"]
[PlyCount "100"]
[EventDate "2016.??.??"]
[EventType "tourn (corr)"]
[SourceTitle "Corr 2020"]
[Source "ChessBase"]
[SourceDate "2019.09.30"]
[SourceVersion "1"]
[SourceVersionDate "2019.09.30"]
[SourceQuality "1"]
[WhiteTeam "Australia"]
[BlackTeam "England"]
[WhiteTeamCountry "AUS"]
[BlackTeamCountry "ENG"]

1. d4 d5 2. e4 dxe4 3. Nc3 Nf6 4. Bc4 Bf5 5. Nge2 Nc6 6. Ng3 Qxd4 7. Bb5 Bd7 8. 0-0 e6 9. Bxc6 Qxd1 10. Rxd1 Bxc6 11. Bg5 Nd5 12. Nxd5 exd5 13. a3 f6 14. Bf4 0-0-0 15. b4 g5 16. Be3 Kb8 17. Ne2 Bd6 18. c3 Bb5 19. Nd4 Bc4 20. a4 h5 21. b5 Be5 22. a5 Bxd4 23. Bxd4 Rdf8 24. b6 a6 25. bxc7+ Kxc7 26. Bb6+ Kd6 27. Rd4 f5 28. Rad1 Rc8 29. R4d2 Rce8 30. Bd4 Rh7 31. Rb2 Rc8 32. Rb6+ Rc6 33. Rdb1 Bb5 34. c4 dxc4 35. Bc3 Re7 36. Bd4 Rec7 37. Be3 f4 38. Bd4 Kd5 39. Bf6 Rxb6 40. axb6 Rc6 41. Bxg5 Rxb6 42. Bxf4 c3 43. f3 Re6 44. Kf2 Re7 45. h3 Bd3 46. Rc1 c2 47. g4 hxg4 48. hxg4 exf3 49. Kxf3 b5 50. g5 a5 0-1

[Event "IECC O-4135"]
[Site "IECC email"]
[Date "2015.12.03"]
[Round "?"]
[White "Lee, Robert"]
[Black "Kaparuwan, Vinay"]
[Result "0-1"]
[WhiteElo "1076"]
[BlackElo "1147"]
[PlyCount "48"]
[EventDate "2015.??.??"]
[EventType "swiss (corr)"]
[EventRounds "2"]
[SourceTitle "Corr 2020"]
[Source "ChessBase"]
[SourceDate "2019.09.30"]
[SourceVersion "1"]
[SourceVersionDate "2019.09.30"]
[SourceQuality "1"]
[WhiteTeam "England"]
[BlackTeam "India"]
[WhiteTeamCountry "ENG"]
[BlackTeamCountry "IND"]

1. e4 d5 2. exd5 Nf6 3. d4 Nxd5 4. c4 Nf6 5. Nf3 Bg4 6. Be2 e6 7. Nc3 Be7 8. 0-0 0-0 9. Be3 c6 10. Qc2 Nbd7 11. Rad1 Qc7 12. a3 Rfd8 13. Rfe1 a5 14. Ne4 Bf5 15. Nfg5 h6 16. h4 hxg5 17. hxg5 Nxe4 18. Bd3 Nxg5 19. Bxf5 exf5 20. f4 Ne4 21. g4 Ndf6 22. g5 Ne8 23. Qh2 Qb6 24. Rb1 Qb3 0-1